Prem Teams (1992/1993) - Statistics

General Stats
  • This quiz has been taken 12 times
  • The average score is 11 of 22
Answers on the Grid
Answers color-coded by a green-red scale on the quiz's grid according to % correct below.
Arsenal
Aston Villa
Blackburn Rovers
Blackpool
Burnley
Chelsea
Coventry City
Crystal Palace
Everton
Fulham
Ipswich town
Leeds
Leicester city
Liverpool
Man City
Man United
Middlesbrough
Newcastle United
Norwich City
Nottingham Forest
Oldham athletic
QPR
Sheffield United
Sheffield Wednesday
Southampton
Sunderland
Tottenham
Watford
West Ham united
Wimbeldon
 
Answer Stats
Answer % Correct
Arsenal
100%
Chelsea
86%
Aston Villa
71%
Coventry City
71%
Liverpool
71%
Man United
71%
Everton
57%
Leeds
57%
Man City
57%
Southampton
57%
Tottenham
57%
Blackburn Rovers
43%
Oldham athletic
43%
Sheffield Wednesday
43%
Wimbeldon
43%
Crystal Palace
29%
QPR
29%
Sheffield United
29%
Middlesbrough
14%
Norwich City
14%
Nottingham Forest
14%
Ipswich town
0%
No matching quizzes found
Score Distribution
Percent of People with Each Score
Percentile by Number Answered
Your Score History
You have not taken this quiz